000 00717nam a22002417a 4500
001 0205684014
003 DO-SdBNP
005 20180216103750.0
007 0205684014
008 161206b 2005 sp a ||||| |||| 00| 0 spa d
020 _a8434225069
040 _aBPMSU
_bspa
_cBPMSU
100 1 _aRodríguez, Alícia
245 1 0 _aConstrucción & arquitectura /
_ctextos y ejercicios, Alícia Rodríguez ... [et al.]
250 _a5ª ed.
260 _aBarcelona, España :
_bParramón,
_c2002.
300 _a48 p. :
_bil. ;
_c29 cm.
490 1 _aPequeño ingeniero.
830 0 _aPequeño ingeniero.
942 _2ddc
_cBK
945 _aInventariado, 2018/MFF
956 _2LOPEREZ
_310
_620161206
_8BPMSU
_a00041
999 _c12297
_d12297